01359nam a2200241 a 450000100100000000500170001000800410002702000150006804000250008308200150010810000380012324500460016124600170020726000440022430000200026849000150028883000220030395201870032595201920051295201980070495201980090299900170110000003537720200930074310.0111031s1995 ve 000 0 spa d a9806014316 aDO-SdBNPbspacBNPHU axxxxbR6961 aRodríguez, Carlos César9517310a21 poemas. /cCarlos César Rodríguez.10aVeinte y uno aCaracas :bEdiciones con textos,c1995. a33 p. ;c21 cm.1 aPluralv26 0aPluralv26961190 001050718MOaGRbGRcHDd2011-10-31iLF1l0oxxxx R696p35377-10r2020-06-25w2020-06-25y1zPerteneció a la biblioteca personal de Juan Isidro Jimenes -GrullónnZNo se presta 001050718MOaGRbGRcCTd2011-11-03iLF1l0oxxxx R696p35377-20r2020-06-25te. 2w2020-06-25y1zPerteneció a la biblioteca personal de Juan Isidro Jimenes -GrullónZNo se presta 001054708MOaGRbGRcCTd2011-11-03iLF1l0oxxxx R696p35377-30r2020-06-25te. 3w2020-06-25y4zPerteneció a la biblioteca personal de Juan Isidro Jimenes -GrullónZPréstamo en sala 001054708MOaGRbGRcCTd2011-11-03iLF1l0oxxxx R696p35377-40r2020-06-25te. 4w2020-06-25y4zPerteneció a la biblioteca personal de Juan Isidro Jimenes -GrullónZPréstamo en sala c34868d34868